Lokální počítačové sítě /

Gespeichert in:
Bibliographische Detailangaben
1. Verfasser: Hejna, Ladislav (Verfasst von)
Format: Buch
Sprache:Tschechisch
Veröffentlicht: Praha : Grada, 1994
Tags: Tag hinzufügen
Keine Tags, Fügen Sie das erste Tag hinzu!

MARC

LEADER 00000nam a22000003a 4500
001 stu27721
005 20150617225740.8
008 941130s1994----cs------------------cze-d
020 |a 80-85623-99-4 
040 |a STU  |b slo 
041 0 |a cze 
044 |a cs 
080 |a 519.711 
100 1 |a Hejna, Ladislav  |4 aut 
245 1 |a Lokální počítačové sítě /  |c [aut]Hejna,Ladislav 
260 |a Praha :  |b Grada,  |c 1994 
300 |a 139 s 
996 |c V*42948/O-18458  |l VV23  |s P  |a 0  |w stu27721_0001 
996 |b 284V028116  |c V*42985/O-18493  |l VVT  |s A  |a 24  |w stu27721_0002